000 00264nam a2200109Ia 4500
008 200302s9999 xx 000 0 und d
100 _aShanay Jhaveri
245 _aChandigarh is in India
260 _bThe Shoestring Publisher
260 _c2016
300 _a288 P.,
999 _c4262
_d4262